Every Chelsea Player: 23/24 Season UPDATED - Statistics

General Stats
  • This quiz has been taken 54 times
  • The average score is 13 of 38
Answer Stats
Shirt number Player % Correct
1 Kepa Arrizabalaga
81%
5 Enzo Fernandez
75%
17 Raheem Sterling
75%
24 Reece James
71%
21 Ben Chilwell
69%
6 Thiago Silva
63%
23 Conor Gallagher
60%
43 Nicolas Jackson
58%
45 Christopher Nkunku
56%
32 Marc Cucurella
54%
14 Trevoh Chalobah
54%
31 Noni Madueke
52%
4 Benoît Badiashile
50%
15 Mykhailo Mudryk
50%
33 Wesley Fofana
48%
37 Levi Colwill
40%
18 Armando Broja
35%
34 Malo Gusto
35%
67 Lewis Hall
31%
30 Carney Chukwuemeka
27%
22 Hakim Ziyech
25%
- Callum Hudson-Odoi
23%
38 Ian Maatsen
23%
39 Andrey Santos
21%
- Malang Sarr
21%
13 Marcus Bettinelli
21%
- Romelu Lukaku
19%
40 Cesare Casadei
17%
42 Diego Moreira
13%
36 Gabriel Slonina
13%
41 Ângelo Gabriel
8%
35 Bashir Humphreys
8%
60 Jamie Cumming
8%
47 Lucas Bergström
8%
46 Alfie Gilchrist
6%
48 Mason Burstow
6%
50 Eddie Beach
4%
- Tino Anjorin
2%
No matching quizzes found
Score Distribution
Percent of People with Each Score
Percentile by Number Answered
Your Score History
You have not taken this quiz